00849nam a2200229 a 4500001001000000003000500010005001700015008004100032010001100073011001100084040000900095100002600104245013700130260004100267500006000308502007500368650001300443650002600456650002500482650004200507856007000549000115159CHAP20220329144520.0181105s2013 mx a sm |||||||spa d a111620 a112592 cCHAP1 aArista Carmona, Asly.10aIntegración y acolchado de residuos vegetales para el control de nematodos y agalladores /h[En línea]cpor Esly Arista Carmona. aChapingo, Méx. :bEl autor,c2013. aPara ver el contenido del material haga clic en la liga aTesis (Ing. en Agroecología) -- UACH. Departamento de Agroecología14aCompost.14aNemátodosxControl.14aTomatexCrecimiento.14aTomatexEnfermedades por nemátodos. aFinding aiduhttp://10.13.5.2/tesis/sist115159.pdfzTeclea aquí